[Event "58h World U20 ch"]
[Site "New Delhi IND"]
[Date "2019.10.18"]
[Round "5.39"]
[White "Nigmatov, Ortik"]
[Black "Sivathanujan, Sivanathan"]
[Result "1-0"]
[WhiteElo "2494"]
[BlackElo "1766"]
[EventDate "2019.10.15"]
[PlyCount "111"]

1.e4 e5 2.Nf3 Nc6 3.Bc4 Bc5 4.c3 Nf6 5.d4 exd4 6.O-O d6 7.cxd4 Bb6 8.Bb5 
O-O 9.Nc3 Bg4 10.Be3 Qe7 11.Qd3 Ba5 12.Bxc6 bxc6 13.Nd2 Rab8 14.Rab1 Rfe8 
15.Rfe1 Bh5 16.Bg5 h6 17.Bxf6 Qxf6 18.Qc4 Qg5 19.Nf1 Bxc3 20.Qxc3 Rb6 21.
Rbc1 Bg6 22.Nd2 c5 23.dxc5 Qxc5 24.Qxc5 dxc5 25.Nc4 Ra6 26.a3 Rxe4 27.Rxe4
Bxe4 28.Rd1 Re6 29.f3 Bc6 30.Kf2 Bb5 31.Ne3 Rd6 32.Rxd6 cxd6 33.Nf5 Kf8 
34.Nxd6 Bc6 35.Ke3 a6 36.Ne4 Ke7 37.Nxc5 a5 38.a4 Kd6 39.Kd4 f5 40.Nb3 
Bxa4 41.Nxa5 g5 42.b3 Bd7 43.Nc4+ Ke6 44.g3 Kf6 45.f4 Bc6 46.Ne5 Ba8 47.b4
h5 48.h4 gxf4 49.gxf4 Ke6 50.Kc5 Bg2 51.b5 Ba8 52.b6 Bb7 53.Nc6 Kd7 54.Nd4
Be4 55.Nb5 Bc2 56.b7 1-0

[Event "58h World U20 ch"]
[Site "New Delhi IND"]
[Date "2019.10.18"]
[Round "5.41"]
[White "Cansun, Can Alp"]
[Black "Swarnavo, Choudhury"]
[Result "1-0"]
[WhiteElo "2199"]
[BlackElo "1797"]
[EventDate "2019.10.15"]
[PlyCount "61"]

1.e4 c5 2.Nf3 e6 3.c3 Nf6 4.e5 Nd5 5.d4 cxd4 6.cxd4 d6 7.a3 Nc6 8.Bd3 Be7 
9.O-O O-O 10.Qe2 dxe5 11.dxe5 b6 12.Qe4 g6 13.Bh6 Re8 14.Rd1 Qc7 15.Nbd2 
Bb7 16.Rac1 Rac8 17.h4 Qb8 18.h5 Bf8 19.Bxf8 Rxf8 20.hxg6 hxg6 21.Nc4 Na5 
22.Ng5 Rc7 23.Qh4 Re8 24.Qh7+ Kf8 25.Nd6 Rd8 26.Ngxf7 Nc6 27.Bxg6 Rdd7 28.
Rxd5 Rxf7 29.Bxf7 exd5 30.Qh8+ Ke7 31.Qf6+ 1-0

[Event "58h World U20 ch"]
[Site "New Delhi IND"]
[Date "2019.10.18"]
[Round "5.44"]
[White "Li, William"]
[Black "Raahul, Vijayakumar Sharmila"]
[Result "1/2-1/2"]
[WhiteElo "2161"]
[BlackElo "2262"]
[EventDate "2019.10.15"]
[PlyCount "78"]

1.d4 Nf6 2.c4 g6 3.Nc3 d5 4.cxd5 Nxd5 5.e4 Nxc3 6.bxc3 Bg7 7.Nf3 c5 8.Be3 
Qa5 9.Qd2 Nc6 10.Rb1 a6 11.Rc1 cxd4 12.cxd4 Qxd2+ 13.Kxd2 e6 14.Be2 O-O 
15.Rhd1 f5 16.d5 Nd8 17.d6 Nf7 18.Ke1 Rd8 19.e5 Nxe5 20.Nxe5 Bxe5 21.d7 
Bxd7 22.Bg5 Kf7 23.Bxd8 Rxd8 24.Bf3 Ke7 25.Bxb7 a5 26.h3 Rb8 27.Bc6 Bc8 
28.Rb1 Rb4 29.Rxb4 axb4 30.Rd3 Bc3+ 31.Kd1 e5 32.f3 Bd4 33.f4 Ba6 34.Rd2 
Bc3 35.Rd7+ Ke6 36.fxe5 Bc4 37.Ra7 Kxe5 38.Kc2 Kd4 39.Bf3 Ke5 1/2-1/2

[Event "58h World U20 ch"]
[Site "New Delhi IND"]
[Date "2019.10.19"]
[Round "6.20"]
[White "Aronyak, Ghosh"]
[Black "Aditya, Mittal"]
[Result "1/2-1/2"]
[WhiteElo "2380"]
[BlackElo "2430"]
[EventDate "2019.10.15"]
[PlyCount "109"]

1.Nf3 d5 2.g3 c6 3.Bg2 Bg4 4.O-O Nd7 5.c4 Bxf3 6.Bxf3 Ne5 7.b3 Nxf3+ 8.
exf3 d4 9.d3 g6 10.Re1 e6 11.Ba3 Bxa3 12.Nxa3 Ne7 13.Nc2 Nf5 14.b4 a5 15.
a3 b5 16.cxb5 cxb5 17.Re5 Qd7 18.a4 bxa4 19.Rxa5 O-O 20.Ne1 Rab8 21.Qxa4 
Qxa4 22.R1xa4 Rfc8 23.Rc5 Kg7 24.Ra1 Rxc5 25.bxc5 Ne7 26.Nc2 Nc6 27.Ra6 
Rb2 28.Rxc6 Rxc2 29.Rd6 Rxc5 30.Rxd4 h5 31.h4 Kf6 32.Rd7 Ra5 33.d4 Ra3 34.
Kg2 Rd3 35.f4 Kg7 36.Kf1 Rd2 37.Ke1 Ra2 38.d5 exd5 39.Rxd5 Kf6 40.Rd2 Ra1+
41.Ke2 Ra3 42.Rd3 Ra2+ 43.Kf3 Rb2 44.Rd6+ Ke7 45.Ra6 Rb3+ 46.Kg2 Rb5 47.
Ra2 Kf6 48.f3 Rb4 49.Rd2 Ra4 50.Kf2 Rb4 51.Ke3 Rb3+ 52.Rd3 Rb2 53.Rd2 Rb3+
54.Rd3 Rb2 55.Rd2 1/2-1/2

[Event "58h World U20 ch"]
[Site "New Delhi IND"]
[Date "2019.10.19"]
[Round "6.27"]
[White "Zlatin, Alexander"]
[Black "Rajdeep, Sarkar"]
[Result "1/2-1/2"]
[WhiteElo "2263"]
[BlackElo "2384"]
[EventDate "2019.10.15"]
[PlyCount "66"]

1.e4 e5 2.Nf3 Nc6 3.Bb5 a6 4.Ba4 Nf6 5.O-O Be7 6.Re1 b5 7.Bb3 d6 8.c3 O-O 
9.h3 a5 10.a4 b4 11.d4 bxc3 12.bxc3 exd4 13.Nxd4 Nxd4 14.cxd4 d5 15.exd5 
Bb7 16.Rxe7 Qxe7 17.Ba3 Qd7 18.Bxf8 Kxf8 19.Nc3 Bxd5 20.Nxd5 Nxd5 21.Qc2 
Nf6 22.Qc5+ Qe7 23.Rc1 Qxc5 24.Rxc5 Ne8 25.Bd5 Ra7 26.Kf1 Ke7 27.Ke2 Nf6 
28.Bc6 Kd6 29.Kd3 Ra6 30.Bb7 Rb6 31.Bf3 Ra6 32.Bb7 Rb6 33.Bf3 Ra6 1/2-1/2

[Event "58h World U20 ch"]
[Site "New Delhi IND"]
[Date "2019.10.19"]
[Round "6.29"]
[White "Winkelman, Albert"]
[Black "Parkhov, Yair"]
[Result "0-1"]
[WhiteElo "2143"]
[BlackElo "2350"]
[EventDate "2019.10.15"]
[PlyCount "48"]

1.e4 c5 2.Nf3 d6 3.d4 cxd4 4.Nxd4 Nf6 5.Nc3 a6 6.h3 e5 7.Nb3 Be6 8.g4 d5 
9.g5 Nxe4 10.Nxe4 dxe4 11.Qxd8+ Kxd8 12.Bg2 Bf5 13.Be3 Nd7 14.O-O-O Kc7 
15.Rd2 Be7 16.Rhd1 Rad8 17.c3 b6 18.Re2 Bg6 19.Rf1 f5 20.gxf6 gxf6 21.Bh6 
f5 22.f3 Bh5 23.Rd2 Rhg8 24.fxe4 Rg6 0-1

[Event "58h World U20 ch"]
[Site "New Delhi IND"]
[Date "2019.10.19"]
[Round "6.33"]
[White "Di Benedetto, Edoardo"]
[Black "De Silva, Lasal M. S. T."]
[Result "1-0"]
[WhiteElo "2401"]
[BlackElo "1879"]
[EventDate "2019.10.15"]
[PlyCount "149"]

1.d4 Nf6 2.c4 e6 3.Nc3 Bb4 4.e3 O-O 5.Bd3 d5 6.cxd5 exd5 7.Ne2 b6 8.O-O 
Bb7 9.f3 c5 10.a3 Bxc3 11.bxc3 Nc6 12.g4 h6 13.Rf2 Rc8 14.Rg2 Ne8 15.Kh1 
Na5 16.Rb1 cxd4 17.exd4 Nc4 18.g5 hxg5 19.Bxg5 f6 20.Bf4 Qe7 21.Ng3 Ncd6 
22.Qc2 Bc6 23.Rbg1 Rc7 24.Nf5 Nxf5 25.Bxf5 Rb7 26.Bc8 Qxa3 27.Be6+ Rff7 
28.Bh6 Kf8 29.Bxf7 Rxf7 30.Bc1 Qa5 31.Qb3 Kg8 32.Re1 Qb5 33.Qxb5 Bxb5 34.
Bf4 Kf8 35.Ra2 a6 36.Kg2 Re7 37.Raa1 Bc4 38.Rab1 Rxe1 39.Rxe1 Kf7 40.Rb1 
Bb5 41.Bb8 Ke6 42.Ba7 Nd6 43.Bxb6 Nb7 44.Kg3 Kd7 45.h4 Kc6 46.Ba7 a5 47.
Kf4 g6 48.Rg1 Bd3 49.Ke3 Bf5 50.Ra1 Kb5 51.Bc5 a4 52.Be7 Na5 53.Bxf6 Nb3 
54.Ra3 Bd7 55.Be7 Kc4 56.Kf4 Kxc3 57.Kg5 Be8 58.f4 Kxd4 59.f5 gxf5 60.h5 
Bxh5 61.Rxa4+ Kc3 62.Bf6+ Kd3 63.Kxh5 d4 64.Kg5 Kc3 65.Kxf5 Kd3 66.Kf4 Kc3
67.Kg3 Kd3 68.Bh8 Kc3 69.Bg7 Kd3 70.Kf4 Kc3 71.Kf5 Kd3 72.Kg6 Kc3 73.Kf7 
Kd3 74.Ke7 Kc3 75.Kd6 1-0

[Event "58h World U20 ch"]
[Site "New Delhi IND"]
[Date "2019.10.19"]
[Round "6.34"]
[White "Donoso Diaz, Sebastian"]
[Black "Dobrovoljc, Vid"]
[Result "1/2-1/2"]
[WhiteElo "2203"]
[BlackElo "2389"]
[EventDate "2019.10.15"]
[PlyCount "56"]

1.d4 Nf6 2.c4 g6 3.Nc3 Bg7 4.e4 d6 5.h3 O-O 6.Be3 e5 7.d5 a5 8.Nf3 Na6 9.
g4 Nd7 10.Be2 Ndc5 11.Rg1 Kh8 12.Qd2 c6 13.O-O-O a4 14.dxc6 bxc6 15.Qxd6 
Qa5 16.Nxe5 a3 17.Nxc6 axb2+ 18.Kb1 Qxc3 19.Bd4 Qxd4 20.Rxd4 Bb7 21.e5 
Bxc6 22.Qxc6 Rfc8 23.Qd6 Nb4 24.Kxb2 Rxa2+ 25.Kc3 Ra3+ 26.Kb2 Ra2+ 27.Kc3 
Ra3+ 28.Kb2 Ra2+ 1/2-1/2

[Event "58h World U20 ch"]
[Site "New Delhi IND"]
[Date "2019.10.19"]
[Round "6.44"]
[White "Aravena Navarro, Alexis Andres"]
[Black "Dahanayake, Isara Banidu"]
[Result "1/2-1/2"]
[WhiteElo "2023"]
[BlackElo "1771"]
[EventDate "2019.10.15"]
[PlyCount "60"]

1.e4 c5 2.Nf3 d6 3.d4 cxd4 4.Nxd4 Nf6 5.f3 e5 6.Bb5+ Bd7 7.Bxd7+ Nbxd7 8.
Nf5 Qc7 9.Nc3 h6 10.O-O a6 11.Be3 g6 12.Ng3 Nb6 13.Qd3 Nc4 14.Rab1 Rc8 15.
Nge2 Nxe3 16.Qxe3 d5 17.Qd2 d4 18.Nd1 Qxc2 19.Qxc2 Rxc2 20.Nc1 Bd6 21.Nd3 
Nd7 22.N1f2 O-O 23.g3 Rfc8 24.f4 f6 25.Ng4 Rd2 26.fxe5 Nxe5 27.Ndxe5 fxe5 
28.Kh1 Kh8 29.Kg1 Kg8 30.Kh1 Kh8 1/2-1/2

[Event "58h World U20 ch"]
[Site "New Delhi IND"]
[Date "2019.10.21"]
[Round "7.1"]
[White "Shtembuliak, Evgeny"]
[Black "Hakobian, Aram"]
[Result "1-0"]
[WhiteElo "2577"]
[BlackElo "2561"]
[EventDate "2019.10.15"]
[PlyCount "105"]

1.g3 d5 2.Nf3 g6 3.Bg2 Bg7 4.O-O e5 5.d3 Ne7 6.e4 Nbc6 7.Nc3 O-O 8.exd5 
Nxd5 9.Nxd5 Qxd5 10.Re1 Qd8 11.Bg5 f6 12.Bd2 Bg4 13.h3 Be6 14.Bc3 Bd5 15.
b4 Qd7 16.b5 Nd8 17.a4 Re8 18.Bb2 Nf7 19.h4 Rad8 20.Qe2 Bf8 21.c4 Be6 22.
d4 Bb4 23.Red1 e4 24.Nh2 Bh3 25.c5 Bxg2 26.Kxg2 h5 27.Nf1 Nh6 28.Qc4+ Qd5 
29.Qxd5+ Rxd5 30.Ne3 Rd7 31.a5 Red8 32.Ra4 Bxc5 33.dxc5 Rxd1 34.Bxf6 R8d3 
35.Nxd1 Rxd1 36.Rxe4 Rd5 37.Bg5 Nf5 38.Re8+ Kf7 39.Rb8 Rxc5 40.Rxb7 Nd6 
41.Rxa7 Nxb5 42.Ra8 Nd6 43.Be3 Rc2 44.a6 Nf5 45.Bf4 c5 46.Kf3 c4 47.a7 Ra2
48.Ke4 c3 49.Kd3 c2 50.Kc3 Nd4 51.Kxd4 Ra4+ 52.Kd3 Rxf4 53.Kxc2 1-0

[Event "58h World U20 ch"]
[Site "New Delhi IND"]
[Date "2019.10.21"]
[Round "7.2"]
[White "Costachi, Mihnea"]
[Black "Karthikeyan, Murali"]
[Result "1/2-1/2"]
[WhiteElo "2463"]
[BlackElo "2617"]
[EventDate "2019.10.15"]
[PlyCount "60"]

1.d4 Nf6 2.c4 e6 3.Nf3 d5 4.Nc3 c6 5.e3 Nbd7 6.Bd3 b6 7.O-O Bb7 8.b3 Bb4 
9.Bb2 O-O 10.a3 dxc4 11.Bxc4 Bxc3 12.Bxc3 Qc7 13.Rc1 c5 14.dxc5 bxc5 15.h3
Rfd8 16.Qe2 Nb6 17.Ba6 Ne4 18.Bxb7 Qxb7 19.Ba1 f6 20.Rfd1 Rd5 21.Nd2 Nxd2 
22.Rxd2 Rad8 23.Rxd5 Qxd5 24.Qc2 Qd2 25.Bc3 Qxc2 26.Rxc2 Rd3 27.Ba5 Rxb3 
28.Rxc5 Rxa3 29.Bxb6 axb6 30.Rc6 e5 1/2-1/2

[Event "58h World U20 ch"]
[Site "New Delhi IND"]
[Date "2019.10.21"]
[Round "7.5"]
[White "Aravindh, Chithambaram"]
[Black "Murzin, Volodar"]
[Result "1/2-1/2"]
[WhiteElo "2609"]
[BlackElo "2433"]
[EventDate "2019.10.15"]
[PlyCount "126"]

1.Nf3 d5 2.g3 c6 3.Bg2 Bg4 4.O-O Nf6 5.d3 Nbd7 6.Qe1 e5 7.e4 Be7 8.Nbd2 
O-O 9.h3 Bh5 10.Nh4 Re8 11.Nf5 Bf8 12.Nb3 Qc7 13.Be3 Rad8 14.a4 dxe4 15.
dxe4 Bg6 16.a5 b6 17.axb6 axb6 18.Ra6 Bxf5 19.exf5 e4 20.c4 c5 21.Qc3 Ne5 
22.Nd2 Rd3 23.Qc2 Nc6 24.Qa4 Nd4 25.Re1 Qc8 26.Rxb6 Nxf5 27.Nf1 Nd4 28.
Bxd4 Rxd4 29.Ne3 Re6 30.Rb5 Qd7 31.Ra1 g6 32.Qa7 Qxa7 33.Rxa7 Rd7 34.Rxd7 
Nxd7 35.Rb7 Nf6 36.Kf1 Kg7 37.Ke2 Rd6 38.Nd1 Rd4 39.b3 Kg8 40.Ne3 h5 41.
Rb8 Kg7 42.g4 hxg4 43.hxg4 Nh7 44.Nc2 Rd7 45.Bxe4 Re7 46.Kd3 Ng5 47.f3 Nh3
48.Kc3 Nf4 49.Ra8 Rd7 50.b4 cxb4+ 51.Nxb4 f5 52.Nd5 fxe4 53.Nxf4 Bd6 54.
Ne6+ Kf6 55.Nf8 Rf7 56.Ra6 Rxf8 57.Rxd6+ Ke7 58.Rd1 exf3 59.Rf1 Kd6 60.Kd4
Rf4+ 61.Ke3 Rxg4 62.Rxf3 Rxc4 63.Rf6+ Ke5 1/2-1/2

[Event "58h World U20 ch"]
[Site "New Delhi IND"]
[Date "2019.10.21"]
[Round "7.11"]
[White "Raja Rithvik, R."]
[Black "Iniyan, Panneerselvam"]
[Result "1/2-1/2"]
[WhiteElo "2369"]
[BlackElo "2509"]
[EventDate "2019.10.15"]
[PlyCount "140"]

1.d4 Nf6 2.Nf3 g6 3.g3 Bg7 4.Bg2 d6 5.O-O O-O 6.b3 c6 7.Bb2 Qa5 8.Nbd2 Qh5
9.e4 Bg4 10.Re1 c5 11.dxc5 Qxc5 12.Nc4 Nc6 13.Ne3 Bxf3 14.Bxf3 Ng4 15.Bxg7
Nxe3 16.Rxe3 Kxg7 17.Qd2 Rac8 18.Rd1 b5 19.Be2 a5 20.c3 b4 21.cxb4 axb4 
22.Rc1 Qb6 23.Rd3 Ne5 24.Rd5 Rxc1+ 25.Qxc1 Ra8 26.Qd2 Qa7 27.Qxb4 Qxa2 28.
Rd2 Qb1+ 29.Rd1 Qb2 30.Rd2 Rb8 31.Qxd6 Qb1+ 32.Rd1 Qxe4 33.Qxb8 Qxe2 34.
Qd8 Nf3+ 35.Kg2 Ne1+ 36.Rxe1 Qxe1 37.Qd4+ e5 38.Qc4 e4 39.h4 Qd1 40.Qc3+ 
Kg8 41.b4 Qe2 42.Qc5 h5 43.Qc8+ Kh7 44.Qc3 Kg8 45.Qb3 Kg7 46.Qd5 Kg8 47.
Qd4 Kh7 48.Qe3 Qc4 49.Qd2 Qb3 50.Qd4 f5 51.Qa7+ Kg8 52.Qb6 Kh7 53.Qc7+ Kg8
54.Qc5 Qf3+ 55.Kh2 Qe2 56.Qd5+ Kg7 57.Kg2 Qb2 58.Qb7+ Kg8 59.Qc8+ Kg7 60.
Qc7+ Kg8 61.Qd6 Kg7 62.Kf1 Qc1+ 63.Ke2 Qc4+ 64.Kd2 Qa2+ 65.Ke3 Qb3+ 66.Kf4
Qf3+ 67.Ke5 Qxf2 68.Qe7+ Kh6 69.Qf8+ Kh7 70.Qf7+ Kh6 1/2-1/2

[Event "58h World U20 ch"]
[Site "New Delhi IND"]
[Date "2019.10.21"]
[Round "7.13"]
[White "Aronyak, Ghosh"]
[Black "Kuybokarov, Temur"]
[Result "1/2-1/2"]
[WhiteElo "2380"]
[BlackElo "2501"]
[EventDate "2019.10.15"]
[PlyCount "114"]

1.Nf3 d5 2.c4 d4 3.g3 Nc6 4.Bg2 e5 5.d3 Bb4+ 6.Bd2 a5 7.Na3 Nf6 8.Nc2 Bd6 
9.a3 Qe7 10.O-O a4 11.e3 dxe3 12.Bxe3 O-O 13.Re1 Bc5 14.Bxc5 Qxc5 15.Nxe5 
Nxe5 16.d4 Nf3+ 17.Qxf3 Qxc4 18.Qc3 Qxc3 19.bxc3 c6 20.c4 Rd8 21.d5 cxd5 
22.cxd5 Bf5 23.Ne3 Be4 24.Bxe4 Nxe4 25.Rec1 Rac8 26.Rxc8 Rxc8 27.Rb1 Nd6 
28.Rb6 Rd8 29.Nd1 Kf8 30.Nc3 Rc8 31.Nxa4 Ke7 32.Rb3 Rc1+ 33.Kg2 Rd1 34.
Re3+ Kd8 35.Nc3 Ra1 36.Ne4 Nxe4 37.Rxe4 Rxa3 38.d6 Ra6 39.Re7 b5 40.Rxf7 
Rb6 41.Rxg7 b4 42.Rc7 b3 43.Rc1 Rxd6 44.Rb1 Rd3 45.Kh3 Ke7 46.Kg4 Kf6 47.
Kf4 Rc3 48.f3 h5 49.Ke4 h4 50.gxh4 Rc4+ 51.Kd3 Rxh4 52.Rb2 Kf5 53.Rg2 Kf4 
54.Rg4+ Rxg4 55.fxg4 Kxg4 56.Kc3 Kh3 57.Kxb3 Kxh2 1/2-1/2

[Event "58h World U20 ch"]
[Site "New Delhi IND"]
[Date "2019.10.21"]
[Round "7.15"]
[White "Parkhov, Yair"]
[Black "Janik, Igor"]
[Result "0-1"]
[WhiteElo "2350"]
[BlackElo "2467"]
[EventDate "2019.10.15"]
[PlyCount "136"]

1.d4 Nf6 2.c4 e6 3.Nf3 d5 4.g3 dxc4 5.Bg2 Bb4+ 6.Bd2 a5 7.Qc2 Bxd2+ 8.Qxd2
c6 9.a4 Ne4 10.Qc2 Nd6 11.O-O Na6 12.Ne5 Nb4 13.Qc3 Nd5 14.Qc1 Nb6 15.Na3 
f6 16.Rd1 Ra6 17.Qc2 O-O 18.Nexc4 Nbxc4 19.Nxc4 Nxc4 20.Qxc4 Rb6 21.Qc3 
Rb4 22.Rd2 Qb6 23.e3 Rd8 24.Bf1 Bd7 25.Bc4 Kf7 26.e4 Ke7 27.b3 Be8 28.Rad1
Bh5 29.Re1 Bf7 30.Red1 Kf8 31.d5 cxd5 32.exd5 e5 33.d6 Bxc4 34.bxc4 Qc6 
35.c5 Qxa4 36.Qd3 h6 37.Qd5 Qc6 38.Qe6 Re8 39.Qa2 Rb5 40.d7 Rd8 41.Rd6 Qf3
42.Qc2 Rb4 43.c6 bxc6 44.Rxc6 Rb2 45.Qc5+ Kf7 46.Rcd6 Qf5 47.R6d3 Kg6 48.
R3d2 Rxd2 49.Rxd2 Rxd7 50.Rxd7 Qxd7 51.Qxa5 h5 52.h4 e4 53.Qc5 Qd1+ 54.Kh2
Qf3 55.Kg1 Qf5 56.Qd4 Qe6 57.Qc5 Qe5 58.Qxe5 fxe5 59.Kf1 Kf5 60.Ke2 Ke6 
61.Ke3 Kd5 62.Ke2 Kd4 63.Kd2 e3+ 64.fxe3+ Ke4 65.Ke2 Kf5 66.Kf3 e4+ 67.Kf2
Kg4 68.Kg2 g6 0-1

[Event "58h World U20 ch"]
[Site "New Delhi IND"]
[Date "2019.10.21"]
[Round "7.20"]
[White "Raja, Harshit"]
[Black "Aaryan, Varshney"]
[Result "1-0"]
[WhiteElo "2440"]
[BlackElo "2239"]
[EventDate "2019.10.15"]
[PlyCount "101"]

1.e4 c5 2.c3 d5 3.exd5 Qxd5 4.d4 Nf6 5.Nf3 e6 6.Na3 a6 7.Nc4 Nbd7 8.Be2 
cxd4 9.Nxd4 Bc5 10.O-O O-O 11.Nb3 Ba7 12.Bf4 Nc5 13.Bd6 Nxb3 14.Qxb3 Re8 
15.Bf3 Qg5 16.Rad1 Bd7 17.Qxb7 Bb5 18.Ne5 Bxf1 19.Qxf7+ Kh8 20.Qxe8+ Rxe8 
21.Nf7+ Kg8 22.Nxg5 Bb5 23.Be5 h6 24.Ne4 Nxe4 25.Bxe4 Rf8 26.Bg3 a5 27.b3 
Rc8 28.c4 Be8 29.Be5 a4 30.Bb7 Rc5 31.Bd4 Rc7 32.Bf3 axb3 33.axb3 Bxd4 34.
Rxd4 Ra7 35.h4 Bg6 36.c5 Ra1+ 37.Rd1 Rxd1+ 38.Bxd1 Kf8 39.b4 Ke7 40.b5 Kd7
41.b6 Be4 42.Bf3 Bd3 43.c6+ Kc8 44.Bg4 Bc4 45.f4 Bd5 46.Bf3 Bc4 47.Kf2 Kb8
48.Be2 Bd5 49.c7+ Kb7 50.Ba6+ Kxa6 51.c8=Q+ 1-0

[Event "58h World U20 ch"]
[Site "New Delhi IND"]
[Date "2019.10.21"]
[Round "7.21"]
[White "Tabatabaei, Mohammadamin"]
[Black "Amartuvshin, Ganzorig"]
[Result "1-0"]
[WhiteElo "2642"]
[BlackElo "2391"]
[EventDate "2019.10.15"]
[PlyCount "115"]

1.e4 c5 2.Nf3 e6 3.d4 cxd4 4.Nxd4 Nc6 5.Nc3 Qc7 6.g3 a6 7.Bg2 d6 8.Nxc6 
bxc6 9.O-O Bb7 10.b3 Nf6 11.Qe2 Be7 12.Na4 O-O 13.c4 c5 14.Bb2 Nd7 15.f4 
Bc6 16.e5 Rad8 17.Bxc6 Qxc6 18.Rad1 d5 19.cxd5 exd5 20.Qf3 Nb6 21.Nxb6 
Qxb6 22.Rxd5 Rxd5 23.Qxd5 Rd8 24.Qc4 Rd2 25.Rf2 Rd1+ 26.Kg2 Qc6+ 27.Kh3 
Qh6+ 28.Kg4 Qg6+ 29.Kf3 h5 30.Re2 Rd3+ 31.Kg2 h4 32.e6 f6 33.Qxa6 hxg3 34.
h3 Qf5 35.Qc4 g5 36.Bc1 Rd4 37.Qb5 Qd5+ 38.Kxg3 Kg7 39.Qe8 Rd3+ 40.Be3 
Qxe6 41.Kf2 Qe4 42.Qh5 Rd1 43.Qg4 f5 44.Qg2 Qb4 45.Qf3 Bd6 46.Kg2 gxf4 47.
Bf2 Qb5 48.a4 Qd7 49.Be1 Qf7 50.a5 Rb1 51.a6 Rxb3 52.Bc3+ Kh7 53.a7 Rxc3 
54.Qxc3 Qxa7 55.Qf6 Qb7+ 56.Kg1 Qb1+ 57.Kf2 Qd3 58.Qf7+ 1-0

[Event "58h World U20 ch"]
[Site "New Delhi IND"]
[Date "2019.10.21"]
[Round "7.22"]
[White "Nigmatov, Ortik"]
[Black "Rajdeep, Sarkar"]
[Result "1-0"]
[WhiteElo "2494"]
[BlackElo "2384"]
[EventDate "2019.10.15"]
[PlyCount "186"]

1.e4 e5 2.Bc4 Nf6 3.d3 Nc6 4.Nf3 h6 5.O-O d6 6.c3 g5 7.Re1 Bg7 8.d4 g4 9.
dxe5 Nd7 10.Nd4 Ndxe5 11.Na3 h5 12.Be2 Bd7 13.Nac2 Qf6 14.Nb5 Kd8 15.Ne3 
Ne7 16.c4 Qg6 17.Nc3 h4 18.c5 dxc5 19.Ncd5 Nxd5 20.Qxd5 Nf3+ 21.Bxf3 gxf3 
22.e5 Kc8 23.Qxf3 h3 24.g3 Re8 25.Nd5 Bc6 26.Bf4 Qe6 27.Rad1 b6 28.Qb3 Kb7
29.Nc3 Qf5 30.Na4 c4 31.Qxc4 Bxe5 32.Rc1 Bxa4 33.Rxe5 Rxe5 34.Qxc7+ Ka6 
35.Qxe5 Qd3 36.Qc3 Qd5 37.f3 Rd8 38.b3 Bb5 39.a4 Bd3 40.b4 Qd4+ 41.Qxd4 
Rxd4 42.Rd1 Rd5 43.Kf2 Bc4 44.Re1 Rd7 45.g4 Rd4 46.Kg3 Bd5 47.a5 Rxb4 48.
axb6 axb6 49.Re3 b5 50.Be5 Rb1 51.Kxh3 b4 52.Kg3 b3 53.Re2 Rf1 54.Rf2 Re1 
55.Kf4 Bc4 56.Rd2 Be2 57.Bc3 Kb5 58.Rb2 Rc1 59.Rxb3+ Kc4 60.Bb2 Kxb3 61.
Bxc1 Kc4 62.Ke4 Bd3+ 63.Ke5 Be2 64.Ke4 Bd3+ 65.Ke3 Bc2 66.f4 f5 67.g5 Bd1 
68.g6 Bh5 69.g7 Bf7 70.Kf2 Kd5 71.Kg3 Ke6 72.Bb2 Bg8 73.Kh4 Kf7 74.Kh5 Bh7
75.h3 Kg8 76.Kg5 Bg6 77.h4 Bh7 78.Be5 Bg6 79.Bd4 Bh7 80.Bc3 Bg6 81.Ba1 Bh7
82.Bc3 Bg6 83.h5 Bh7 84.Bb4 Kf7 85.g8=Q+ Bxg8 86.Kh6 Kf6 87.Bc3+ Kf7 88.
Bb2 Kf8 89.Ba3+ Kf7 90.Be7 Kxe7 91.Kg7 Bh7 92.Kxh7 Kf7 93.h6 Ke6 1-0

[Event "58h World U20 ch"]
[Site "New Delhi IND"]
[Date "2019.10.21"]
[Round "7.25"]
[White "Eugene, Floryan"]
[Black "Davtian, Artur"]
[Result "1/2-1/2"]
[WhiteElo "2346"]
[BlackElo "2418"]
[EventDate "2019.10.15"]
[PlyCount "89"]

1.e4 e5 2.Nf3 Nc6 3.Nc3 Nf6 4.d4 exd4 5.Nxd4 Bb4 6.Nxc6 bxc6 7.Bd3 O-O 8.
O-O d5 9.exd5 cxd5 10.h3 c6 11.Qf3 Rb8 12.Bf4 Bd6 13.b3 Qc7 14.Bxd6 Qxd6 
15.Qg3 Qxg3 16.fxg3 Be6 17.Na4 Nd7 18.Rad1 Rfd8 19.Rfe1 h5 20.Kf2 Kf8 21.
Rc1 c5 22.Bg6 Bxh3 23.gxh3 fxg6 24.Re6 Rbc8 25.Rd6 d4 26.c3 dxc3 27.Rxc3 
Nf6 28.Rxd8+ Rxd8 29.Kf3 Rd2 30.Rxc5 Rxa2 31.Rc7 Kg8 32.Rxa7 g5 33.Ra5 g4+
34.hxg4 hxg4+ 35.Kf4 Kh7 36.Re5 Rf2+ 37.Kg5 Rf3 38.Nc5 Rxg3 39.Re7 Rh3 40.
Ne6 Rh5+ 41.Kf4 Kh6 42.Rxg7 Rb5 43.Rf7 Rb4+ 44.Kf5 Nh5 45.Rf8 1/2-1/2

[Event "58h World U20 ch"]
[Site "New Delhi IND"]
[Date "2019.10.21"]
[Round "7.27"]
[White "Hollan, Martin"]
[Black "Saurabh, Anand"]
[Result "1/2-1/2"]
[WhiteElo "2403"]
[BlackElo "2236"]
[EventDate "2019.10.15"]
[PlyCount "81"]

1.c4 e6 2.Nf3 Nf6 3.g3 d5 4.Bg2 dxc4 5.Na3 Bxa3 6.bxa3 Nbd7 7.Bb2 O-O 8.
Rc1 c5 9.Rxc4 b5 10.Rh4 Bb7 11.Qc2 Qe7 12.Ne5 Nxe5 13.Bxe5 Rfb8 14.Bxf6 
Qxf6 15.Qxh7+ Kf8 16.O-O Bxg2 17.Kxg2 Rd8 18.Rc1 c4 19.Rc3 g5 20.Rh5 Ke7 
21.Rf3 Qg6 22.Qxg6 fxg6 23.Rh7+ Kd6 24.Rff7 a5 25.Rc7 Ra6 26.a4 Rc6 27.
Rxc6+ Kxc6 28.axb5+ Kb6 29.Re7 Rxd2 30.Rxe6+ Kxb5 31.Re5+ Kb4 32.a3+ Kxa3 
33.Rxa5+ Kb4 34.Rxg5 c3 35.Rxg6 Rd5 36.Rg4+ Kb3 37.Rg8 Rd4 38.Rb8+ Rb4 39.
Rc8 Rc4 40.Rb8+ Rb4 41.Rc8 1/2-1/2

[Event "58h World U20 ch"]
[Site "New Delhi IND"]
[Date "2019.10.21"]
[Round "7.29"]
[White "Lobanov, Sergei"]
[Black "Risting, Eivind Olav"]
[Result "1-0"]
[WhiteElo "2516"]
[BlackElo "2289"]
[EventDate "2019.10.15"]
[PlyCount "61"]

1.c4 e5 2.Nc3 Nf6 3.g3 d5 4.cxd5 Nxd5 5.Bg2 Nb6 6.Nf3 Nc6 7.O-O Be7 8.a3 
O-O 9.b4 Be6 10.d3 f5 11.b5 Nd4 12.Nd2 Nd5 13.Bxd5 Bxd5 14.e3 Bf7 15.exd4 
Qxd4 16.Bb2 Qxd3 17.Nf3 Qxd1 18.Nxd1 Bc4 19.Re1 e4 20.Nd4 Bf6 21.Nxf5 Bxb5
22.Bxf6 Rxf6 23.Ne7+ Kf7 24.Nd5 Rc6 25.Rxe4 Rd8 26.N1e3 Rc5 27.Re7+ Kf8 
28.Rxc7 Rdxd5 29.Nxd5 Rxd5 30.Rxb7 a5 31.f4 1-0

[Event "58h World U20 ch"]
[Site "New Delhi IND"]
[Date "2019.10.21"]
[Round "7.34"]
[White "Milikow, Yoav"]
[Black "O`Donnell, Conor"]
[Result "1-0"]
[WhiteElo "2199"]
[BlackElo "2345"]
[EventDate "2019.10.15"]
[PlyCount "109"]

1.d4 d5 2.c4 e6 3.Nc3 Be7 4.cxd5 exd5 5.Bf4 c6 6.e3 Bf5 7.g4 Be6 8.h3 Nd7 
9.Bd3 h5 10.gxh5 Ngf6 11.h6 g6 12.Qc2 Nh5 13.Bh2 Rxh6 14.O-O-O Kf8 15.Kb1 
Rc8 16.e4 dxe4 17.Nxe4 Ndf6 18.Ne2 Qa5 19.N2c3 Nxe4 20.Bxe4 Nf6 21.f3 Nd5 
22.Bxd5 cxd5 23.Qd2 Rh5 24.Rc1 Rc6 25.Be5 Ra6 26.Qh2 Rc6 27.Ne2 Rxh3 28.
Qf4 Ke8 29.Nc3 f6 30.Rxh3 Bxh3 31.Bb8 Kd7 32.Ka1 Bf5 33.Qe3 g5 34.Bg3 Be6 
35.Rh1 Qd8 36.f4 Qg8 37.Qd3 gxf4 38.Bxf4 Qg4 39.Bb8 a6 40.Re1 Rc4 41.Ba7 
b5 42.b3 Rc6 43.Bc5 Rxc5 44.dxc5 Bxc5 45.Rd1 d4 46.Ne4 Be7 47.Qxd4+ Ke8 
48.Re1 Kf8 49.Qc3 b4 50.Qe3 f5 51.Nc5 Bf6+ 52.Kb1 Bd5 53.Nd7+ Kf7 54.Qe8+ 
Kg7 55.Qf8+ 1-0

[Event "58h World U20 ch"]
[Site "New Delhi IND"]
[Date "2019.10.21"]
[Round "7.37"]
[White "Vatsal, Singhania"]
[Black "Garidmagnai, Byambasuren"]
[Result "0-1"]
[WhiteElo "2157"]
[BlackElo "2327"]
[EventDate "2019.10.15"]
[PlyCount "122"]

1.e4 e6 2.d4 d5 3.Nd2 c5 4.Ngf3 Nf6 5.exd5 Nxd5 6.Nb3 Nd7 7.c4 N5f6 8.Be2 
Qc7 9.O-O b6 10.dxc5 bxc5 11.Be3 a5 12.h3 a4 13.Nbd2 Bb7 14.Nb1 Be7 15.Nc3
O-O 16.Nxa4 Rfd8 17.Nc3 Ne5 18.Nb5 Qb8 19.Qb3 Nxf3+ 20.Bxf3 Bxf3 21.gxf3 
Qe5 22.Rfd1 Rdb8 23.Qc2 h6 24.b3 Ra6 25.a4 Qh5 26.Kg2 e5 27.Rg1 Nh7 28.Qe4
Rg6+ 29.Kh2 Ng5 30.Bxg5 Bxg5 31.Rg4 Bf4+ 32.Kg2 f5 33.Qd5+ Kh7 34.Rxg6 
Qxg6+ 35.Kf1 Qh5 36.Qd3 Re8 37.Nc3 Qxh3+ 38.Ke2 Qh5 39.Qd6 Bg5 40.Qxc5 Be7
41.Qe3 e4 42.Kd2 exf3 43.Kc2 Bf6 44.Qf4 Be5 45.Qd2 Qh4 46.Rd1 Bf4 47.Qd4 
Qh2 48.Rf1 Re5 49.Qd3 Qg2 50.Kb1 Kg6 51.Qd1 Bg5 52.Qd6+ Kh7 53.Qd3 Kh8 54.
Qd1 Bh4 55.Re1 Rxe1 56.Qxe1 Bxf2 57.Qe6 Qg4 58.Ka2 Bd4 59.Nd5 Qe4 60.Qf7 
f2 61.Ne7 Qe2+ 0-1

[Event "58h World U20 ch"]
[Site "New Delhi IND"]
[Date "2019.10.21"]
[Round "7.45"]
[White "Hamad, Essam"]
[Black "Swarnavo, Choudhury"]
[Result "1/2-1/2"]
[WhiteElo "1849"]
[BlackElo "1797"]
[EventDate "2019.10.15"]
[PlyCount "81"]

1.e4 c5 2.Nf3 e6 3.c3 d5 4.exd5 exd5 5.d4 Nc6 6.Bb5 Bd6 7.dxc5 Bxc5 8.O-O 
Ne7 9.Nbd2 O-O 10.Nb3 Bb6 11.Nbd4 Bg4 12.Qd3 Qd6 13.Re1 Bc7 14.g3 Ng6 15.
Bxc6 bxc6 16.Ng5 h6 17.Bf4 Qd7 18.Bxc7 hxg5 19.Ba5 c5 20.f3 Bh3 21.Nc2 Bf5
22.Qd2 Rfe8 23.Rxe8+ Rxe8 24.Re1 Ne5 25.Rxe5 Rxe5 26.Ne3 d4 27.cxd4 Qxd4 
28.Kf2 Be6 29.Qc1 Rxe3 30.Qxe3 Qxb2+ 31.Qd2 Qa3 32.Qd8+ Kh7 33.Bd2 c4 34.
Qxg5 Qd6 35.Bc3 Qf8 36.h4 f6 37.Qe3 Qa3 38.Qe4+ Kh8 39.Qxe6 Qxc3 40.Qe8+ 
Kh7 41.Qh5+ 1/2-1/2